[Event "Queen City op 23rd"]
[Site "Manchester"]
[Date "1999.??.??"]
[Round "1"]
[White "Shaw, Craig"]
[Black "Friedel, Joshua E"]
[Result "0-1"]
[WhiteElo "1705"]
[BlackElo "2070"]
[PlyCount "64"]
[EventDate "1999.02.??"]
[EventType "swiss"]
[EventRounds "5"]
[EventCountry "USA"]
[SourceTitle "EXT 2004"]
[Source "ChessBase"]
[SourceDate "2003.11.25"]
[SourceVersion "1"]
[SourceVersionDate "2003.11.25"]
[SourceQuality "1"]

1. e4 c5 2. Nc3 g6 3. g3 Bg7 4. Bg2 Nc6 5. d3 e6 6. Be3 b6 7. Nge2 Nge7 8. f4 d5 9. exd5 exd5 10. Bd2 Bb7 11. 0-0 d4 12. Ne4 0-0 13. g4 f5 14. Ng5 Qd7 15. gxf5 Nxf5 16. Bh3 Nb4 17. Ne4 Qe7 18. Bg2 Nd5 19. Rf2 Nde3 20. Bxe3 Nxe3 21. Qd2 Nxg2 22. Kxg2 Bxe4+ 23. dxe4 Qxe4+ 24. Kg1 Rad8 25. Qd3 Qxd3 26. cxd3 c4 27. dxc4 d3 28. Nc3 Bd4 29. Nd5 Rxd5 30. cxd5 Rxf4 31. Raf1 Rxf2 32. Rxf2 d2 0-1